000 00430pab a2200169 454500
008 180718b1979 xxu||||| |||| 00| 0 eng d
100 _aMotiwal, O.P.
245 _aSecrecy and the law in India
260 _c1979
300 _ap.1177-1186.
362 _aOct-Dec
650 _aPublic information - India
650 _aPublic information
773 _aIndian Journal of Public Administration
908 _aN
909 _a88426
999 _c88426
_d88426